| 000 | 00690cam a22002413a 4500 | ||
|---|---|---|---|
| 001 | 7785 | ||
| 003 | PGUSA | ||
| 005 | 20140828083149.0 | ||
| 008 | 050301s2005||||xxu|||||s|||||000 | eng d | ||
| 040 |
_aPGUSA _beng |
||
| 042 | _adc | ||
| 050 | 4 | _aND | |
| 100 | 1 |
_aBrockwell, Maurice W., _d1869-1958 |
|
| 245 | 1 | 0 |
_aLeonardo Da Vinci _h[electronic resource] / _cMaurice W. Brockwell |
| 260 |
_bProject Gutenberg, _c2005 |
||
| 506 | _aPublic domain in the USA. | ||
| 516 | _aElectronic text | ||
| 653 | _aLeonardo, da Vinci, 1452-1519 | ||
| 653 | _aPainters -- Italy -- Biography | ||
| 830 | 0 |
_aProject Gutenberg _v7785 |
|
| 856 | 4 | 0 | _uhttp://www.gutenberg.org/ebooks/7785 |
| 942 | _cEB | ||
| 999 |
_c237085 _d237085 |
||